Comunicación Política. Caja de Herramientas.

保存先:
書誌詳細
第一著者: Gil Calvo, Enrique (autor)
フォーマット: 不明
出版事項: Madrid, España: Los Libros de la Catarata, 2018.
シリーズ:Mayor
主題:
タグ: タグ追加
タグなし, このレコードへの初めてのタグを付けませんか!

MARC

LEADER 00000 a2200000 4500
003 CL-VaPUC
005 20230111093807.0
008 230104t2018 ||||| |||| 00| 0 eng d
999 |c 439845  |d 439843 
020 |a 978-84-9097-554-1 
040 |c Pontificia Universidad Católica de Valparaíso 
082 |2 22  |a 320.014 GIL 2018 
100 |a Gil Calvo, Enrique  |9 879672  |e autor 
245 |a Comunicación Política.  |b Caja de Herramientas. 
260 |a Madrid, España:  |b Los Libros de la Catarata,  |c 2018. 
300 |a 237 páginas. 
490 |a Mayor  |n  694. 
583 |k Catalogador Asistente  |c 20230104 
650 0 |9 255151  |a Política y gobierno  |x Comunicación  
650 0 |9 464493  |a Campañas electorales  |x Estrategias comunicacionales  
942 |2 ddc  |c BK 
952 |0 0  |1 0  |2 ddc  |4 0  |6 320_014000000000000_GIL_2018  |7 0  |8 A  |9 588521  |a BIBCUR  |b BIBCUR  |c GEN  |d 2023-01-04  |e 155  |g 43119.65  |i 5656315  |o 320.014 GIL 2018  |p 5656315  |r 2025-04-22  |t 1  |v 43119.65  |w 2023-01-04  |y BK  |k PER